Vývoj obyvateľstva v Nitrianskom kraji ...
| Format: | Serial |
|---|---|
| Language: | Slovak |
| PhysicalDescription: | zv. grafy, mapy, tab. 30 cm |
| Published: |
Nitra
Štatistický úrad Slovenskej republiky - pracovisko Nitra
|
| ISBN: | 9788081210167 9788081210877 9788081211706 |
| Series: | Demografia a sociálna štatistika
|
| Subjects: |
MARC
| LEADER | 00000cas a2200000 a 4500 | ||
|---|---|---|---|
| 001 | vtls010176159 | ||
| 003 | SK-MaSNL | ||
| 005 | 20260228160331.0 | ||
| 008 | 180801c200u9999xo ar| s 000 b0slo | ||
| 015 | |a SNBB2016-(r. 2009, r. 2010, r. 2011) | ||
| 020 | |a 9788081210167 |q (brož. : 2009) | ||
| 020 | |a 9788081210877 |q (brož. : 2010) | ||
| 020 | |a 9788081211706 |q (brož. : 2011) | ||
| 040 | |a SVKBB |b slo |c SVKBB |d SNK |e AACR2 | ||
| 041 | 0 | |a slo | |
| 043 | |a e-xo--- | ||
| 044 | |a xo |c SK | ||
| 072 | 7 | |a 314 |x Demografia. Populácia |2 konspekt | |
| 080 | |a 314 |2 2001 | ||
| 080 | |a 314.116 |2 2001 | ||
| 080 | |a (083.41) |2 2001 | ||
| 080 | |a (437.614) |2 2011 | ||
| 080 | |a 050 |2 2001 | ||
| 080 | |a (058) |2 2001 | ||
| 245 | 0 | 0 | |a Vývoj obyvateľstva v Nitrianskom kraji ... |
| 260 | |a Nitra |b Štatistický úrad Slovenskej republiky - pracovisko Nitra | ||
| 300 | |a zv. |b grafy, mapy, tab. |c 30 cm | ||
| 310 | |a 1x ročne | ||
| 490 | 1 | |a Demografia a sociálna štatistika | |
| 500 | |a Popis podľa: r. 2009 (vydané v r. 2010) | ||
| 500 | |a Súčasťou názvu je označenie roku | ||
| 500 | |a Autori: [kolektív] | ||
| 650 | 0 | 7 | |a obyvateľstvo |2 SNKPH |9 4654 |
| 650 | 0 | 7 | |a demografický vývoj |2 SNKPH |9 3826 |
| 650 | 0 | 7 | |a Population |2 SNKPHeng |9 265816 |
| 650 | 0 | 7 | |a Demographic transition |2 SNKPHeng |9 265579 |
| 651 | 7 | |a Nitriansky kraj (Slovensko) |2 SNKPH |9 161510 | |
| 651 | 7 | |a Nitriansky kraj (Slovensko) |2 SNKPHeng |9 161510 | |
| 655 | 7 | |a štatistiky |2 SNKPH |9 70182 | |
| 655 | 7 | |a Statistics |2 SNKPHeng |9 265580 | |
| 655 | 7 | |a ročenky |2 SNKPH |9 57146 | |
| 655 | 7 | |a Yearbooks |2 SNKPHeng |9 120938 | |
| 830 | 0 | |a Demografia a sociálna štatistika |9 266420 | |
| 852 | |a Štátna vedecká knižnica v Banskej Bystrici | ||
| 910 | |a svkbb | ||
| 910 | |a snk | ||
| 919 | |a 978-80-8121-016-7 | ||
| 919 | |a 978-80-8121-087-7 | ||
| 919 | |a 978-80-8121-170-6 | ||
| 999 | |c 2186 |d 4116 | ||
| 952 | |0 0 |1 0 |4 0 |7 0 |8 0 |a SNK |b SNK |d 2016-02-29 |i snk2016/5888 |l 0 |o snkČSB 6096/2009 |p 17A0672769 |r 2026-02-21 22:02:37 |w 2026-02-21 |y PREZ | ||
| 952 | |0 0 |1 0 |4 0 |7 0 |8 0 |a SNK |b SNK |d 2016-02-29 |i snk2016/5889 |l 0 |o snkČSB 6096/2009 D1 |p 17A0672770 |r 2026-02-21 22:02:37 |w 2026-02-21 |y PREZ | ||
| 952 | |0 0 |1 0 |4 0 |7 0 |8 0 |a SNK |b SNK |d 2016-02-29 |i snk2016/5896 |l 0 |o snkČSB 6096/2010 |p 17A1098223 |r 2026-02-21 22:02:37 |w 2026-02-21 |y PREZ | ||
| 952 | |0 0 |1 0 |4 0 |7 0 |8 0 |a SNK |b SNK |d 2016-02-29 |i snk2016/5897 |l 0 |o snkČSB 6096/2010 D1 |p 17A1098222 |r 2026-02-21 22:02:37 |w 2026-02-21 |y PREZ | ||
| 952 | |0 0 |1 0 |4 0 |7 0 |8 0 |a SNK |b SNK |d 2016-02-29 |i snk2016/5899 |l 0 |o snkČSB 6096/2011 |p 17A1098221 |r 2026-02-21 22:02:37 |w 2026-02-21 |y PREZ | ||
| 952 | |0 0 |1 0 |4 0 |7 0 |8 0 |a SNK |b SNK |d 2016-02-29 |i snk2016/5900 |l 0 |o snkČSB 6096/2011 D1 |p 17A1098220 |r 2026-02-21 22:02:37 |w 2026-02-21 |y PREZ | ||


